[Event "Yangon zt"]
[Site "Yangon"]
[Date "1998.12.13"]
[Round "6"]
[White "Myo, Thant Khine"]
[Black "Matsuo, Tomohiko"]
[Result "1-0"]
[WhiteElo "2320"]
[BlackElo "2205"]
[PlyCount "57"]
[EventDate "1998.12.??"]
[EventType "swiss"]
[EventRounds "9"]
[EventCountry "BUR"]
[SourceTitle "CBM 069"]
[Source "ChessBase"]
[SourceDate "1999.04.01"]
[SourceVersion "1"]
[SourceVersionDate "1999.04.01"]
[SourceQuality "1"]

1. e4 e5 2. Nf3 Nc6 3. Bb5 a6 4. Ba4 Nf6 5. 0-0 Be7 6. Re1 b5 7. Bb3 d6 8. c3 0-0 9. h3 Na5 10. Bc2 c5 11. d4 Qc7 12. Nbd2 Rd8 13. Nf1 cxd4 14. cxd4 exd4 15. Ng3 Nc6 16. Bf4 Qb6 17. a3 Be6 18. Qd2 Nd7 19. Nf5 Bf6 20. Rad1 Nde5 21. N5xd4 Nc4 22. Qc3 Nxd4 23. Nxd4 Rac8 24. Bb1 Nxa3 25. Qxa3 Bxd4 26. Qg3 Bxb2 27. Bxd6 a5 28. Rd2 Bd4 29. Rxd4 1-0

[Event "Yangon zt"]
[Site "Yangon"]
[Date "1998.12.11"]
[Round "4"]
[White "Myo, Thant Khine"]
[Black "Wong, Zi Jing"]
[Result "0-1"]
[WhiteElo "2320"]
[BlackElo "2120"]
[PlyCount "188"]
[EventDate "1998.12.??"]
[EventType "swiss"]
[EventRounds "9"]
[EventCountry "BUR"]
[SourceTitle "CBM 069"]
[Source "ChessBase"]
[SourceDate "1999.04.01"]
[SourceVersion "1"]
[SourceVersionDate "1999.04.01"]
[SourceQuality "1"]

1. e4 c5 2. Nf3 d6 3. d4 cxd4 4. Nxd4 Nf6 5. Nc3 a6 6. Bc4 e6 7. Bb3 Nbd7 8. f4 Nc5 9. e5 Nfd7 10. f5 Nxe5 11. 0-0 Be7 12. fxe6 fxe6 13. Qh5+ Ng6 14. Be3 Bf6 15. Rf3 Bxd4 16. Bxd4 Qh4 17. Qxh4 Nxh4 18. Rh3 Nxb3 19. axb3 Nf5 20. Bb6 Bd7 21. Rd1 d5 22. g4 Nh6 23. g5 Nf5 24. g6 h6 25. Nxd5 exd5 26. Re1+ Kf8 27. Bc5+ Kg8 28. Re5 h5 29. Rxd5 Be8 30. Rxf5 Bd7 31. Rhxh5 Bxf5 32. Rxf5 Rh6 33. Rg5 Re8 34. Rg2 Re6 35. Rd2 Rhxg6+ 36. Kf2 Rg5 37. Bd6 Rf5+ 38. Kg2 Kf7 39. Bg3 Kg6 40. b4 Rc6 41. c3 b5 42. Re2 Kf7 43. Kh3 Rf1 44. Kg2 Rb1 45. Kf3 Rf6+ 46. Kg2 Rff1 47. Kh3 Ra1 48. Bf2 Rfd1 49. Kg2 Rd3 50. Be3 Rad1 51. Kf3 Rd6 52. Bd4 g6 53. Rf2 Ke6 54. Ke4 Kd7 55. Rg2 Kc6 56. Kf3 Kd5 57. Ke2 Rb1 58. Kd3 Re6 59. Kc2 Rbe1 60. Kb3 R1e2 61. Rg5+ Ke4 62. Rg4+ Kf3 63. Rh4 Rg2 64. Rh3+ Kg4 65. Rh6 Kf5 66. h4 Ree2 67. c4 Re4 68. Bc3 Rxc4 69. h5 Rh4 70. Rxg6 Rxg6 71. hxg6 Kxg6 72. Kc2 Rh3 73. Kd2 Kf5 74. Kc2 Ke4 75. Bg7 Kd5 76. b3 Ke4 77. Bf6 Ke3 78. Bg5+ Ke2 79. Bf6 Rh7 80. Be5 Rh6 81. Bd4 Rc6+ 82. Bc5 Rc8 83. Kc3 Kd1 84. Kb2 Kd2 85. Be7 Rg8 86. Bf6 Kd3 87. Be5 Rg2+ 88. Kc1 Rg4 89. Kb2 Rxb4 90. Ka3 Re4 91. Bc7 Kc2 92. b4 Re3+ 93. Ka2 Kc3 94. Bd6 Kc4 0-1

[Event "Yangon zt"]
[Site "Yangon"]
[Date "1998.12.09"]
[Round "1"]
[White "Myo, Thant Khine"]
[Black "Antonio, Rogelio Jr"]
[Result "1/2-1/2"]
[WhiteElo "2320"]
[BlackElo "2540"]
[PlyCount "89"]
[EventDate "1998.12.??"]
[EventType "swiss"]
[EventRounds "9"]
[EventCountry "BUR"]
[SourceTitle "CBM 069"]
[Source "ChessBase"]
[SourceDate "1999.04.01"]
[SourceVersion "1"]
[SourceVersionDate "1999.04.01"]
[SourceQuality "1"]

1. e4 c6 2. d4 d5 3. Nd2 dxe4 4. Nxe4 Bf5 5. Ng3 Bg6 6. Nf3 Nf6 7. h4 h6 8. h5 Bh7 9. Bd3 Bxd3 10. Qxd3 Nbd7 11. Bd2 e6 12. 0-0-0 Qc7 13. c4 0-0-0 14. Ne4 Nxe4 15. Qxe4 Nf6 16. Qe2 c5 17. Rh4 cxd4 18. Rxd4 Rxd4 19. Nxd4 a6 20. Kb1 Qc5 21. g4 Be7 22. Bc3 Rd8 23. Rd2 Qc7 24. f3 Ne8 25. Nb3 Bf6 26. Bxf6 Nxf6 27. Rxd8+ Qxd8 28. Kc2 Qc7 29. Nd2 Nd7 30. b4 Nf6 31. Kb3 Qf4 32. Qd3 Kc7 33. a4 b6 34. Ne4 Nxe4 35. Qxe4 Qd6 36. Kc3 a5 37. b5 e5 38. Kc2 Qc5 39. Kd3 Qd6+ 40. Qd5 Qxd5+ 41. cxd5 Kd7 42. Ke3 Ke7 43. Kd3 Kd7 44. Ke3 Ke7 45. Kd3 1/2-1/2